Modelovanie a simulácia elektrických vlastností polovodičových štruktúr : Dipl.práca

Saved in:
Bibliographic Details
Main Author: Hašo, Ľubomír (Author)
Other Authors: Donoval, Daniel, 1953- (Thesis advisor), Drobný, Vladimír (Thesis advisor)
Format: Manuscript Book
Language:Slovak
Published: Bratislava : STU v Bratislave FEI, 1998
Subjects:
Tags: Add Tag
No Tags, Be the first to tag this record!

MARC

LEADER 00000ntm a22000003a 4500
001 stu49714
005 20160719164917.9
008 990519s1998------------------------slo-d
040 |a STU  |b slo 
041 0 |a slo 
100 1 |a Hašo, Ľubomír  |4 aut 
245 1 |a Modelovanie a simulácia elektrických vlastností polovodičových štruktúr :  |b Dipl.práca 
260 |a Bratislava :  |b STU v Bratislave FEI,  |c 1998 
300 |a 31 s 
650 7 |a elektronika  |2 stusub 
700 1 |a Donoval, Daniel,  |d 1953-  |4 ths  |u E030  |U FEI Fakulta elektrotechniky a informatiky  |T FEI Ústav elektroniky a fotoniky  |X 2039  |U E030  |Y 549  |7 A000002039 
700 1 |a Drobný, Vladimír  |4 ths